[Event "Moron Philidor CC U2200 15th"]
[Site "Buenos Aires"]
[Date "2017.09.23"]
[Round "7"]
[White "Ferrero, Agustin"]
[Black "Valduc, Gustavo Marcelo"]
[Result "1-0"]
[WhiteElo "1784"]
[BlackElo "1583"]
[PlyCount "111"]
[EventDate "2017.09.12"]
[EventType "swiss"]
[EventRounds "7"]
[EventCountry "ARG"]
[SourceTitle "CBM 180 Extra"]
[Source "ChessBase"]
[SourceDate "2017.10.06"]
[SourceVersion "1"]
[SourceVersionDate "2017.10.06"]
[SourceQuality "1"]

1. Nf3 Nf6 2. c4 c5 3. Nc3 d6 4. d4 cxd4 5. Nxd4 g6 6. g3 Bg7 7. Bg2 0-0 8. 0-0 a6 9. b3 Qc7 10. e3 Bd7 11. Bb2 Nc6 12. Rc1 Rac8 13. h3 Rfe8 14. Qd2 Nxd4 15. exd4 e5 16. d5 Qa5 17. Rfe1 Rc7 18. Ne4 Qxd2 19. Nxd2 Bh6 20. Re2 Rd8 21. Rce1 Bf5 22. f4 Nd7 23. g4 Bd3 24. Re3 e4 25. g5 Bg7 26. Bxg7 Kxg7 27. Bxe4 Bxe4 28. Nxe4 Nc5 29. Nf6 Rcc8 30. Re8 Nd3 31. Rxd8 Rxd8 32. Re8 Rxe8 33. Nxe8+ Kf8 34. Nxd6 Nxf4 35. h4 Ne2+ 36. Kf2 Nc3 37. Nxb7 Nxa2 38. Ke3 Nb4 39. Kd4 Ke7 40. Kc5 Nd3+ 41. Kc6 Ne5+ 42. Kc7 f5 43. gxf6+ Kxf6 44. d6 g5 45. hxg5+ Kxg5 46. Nc5 h5 47. Nd7 Nf7 48. Nc5 h4 49. d7 h3 50. Ne4+ Kf4 51. Nd6 h2 52. Nxf7 h1Q 53. d8Q Qh7 54. Qf6+ Ke4 55. Kd6 Qh2+ 56. Qe5+ 1-0

[Event "Moron Philidor CC U2200 15th"]
[Site "Buenos Aires"]
[Date "2017.09.19"]
[Round "5"]
[White "Ferrero, Agustin"]
[Black "Biancosino, Rafael"]
[Result "0-1"]
[WhiteElo "1784"]
[BlackElo "2065"]
[PlyCount "94"]
[EventDate "2017.09.12"]
[EventType "swiss"]
[EventRounds "7"]
[EventCountry "ARG"]
[SourceTitle "CBM 180 Extra"]
[Source "ChessBase"]
[SourceDate "2017.10.06"]
[SourceVersion "1"]
[SourceVersionDate "2017.10.06"]
[SourceQuality "1"]

1. d4 Nf6 2. Nf3 g6 3. g3 Bg7 4. Bg2 d5 5. 0-0 0-0 6. Nbd2 Ne4 7. Nxe4 dxe4 8. Nd2 f5 9. e3 e5 10. dxe5 Nc6 11. f4 exf3 12. Nxf3 Nxe5 13. Qxd8 Rxd8 14. Nxe5 Bxe5 15. e4 c6 16. Bg5 Rd4 17. c3 Rc4 18. Rad1 Bc7 19. Bf6 Be6 20. b3 Rc5 21. b4 Rc4 22. Rfe1 Bb6+ 23. Kh1 Kf7 24. exf5 gxf5 25. Be5 a5 26. Rd6 Re8 27. bxa5 Bxa5 28. Bf3 Kg8 29. Bd4 Bf7 30. Rxe8+ Bxe8 31. Bd1 Rxc3 32. Bxc3 Bxc3 33. Bb3+ Kf8 34. Rd3 Bb2 35. Rf3 Ke7 36. Rxf5 Bg6 37. Rf4 Be5 38. Ra4 b5 39. Ra7+ Kd6 40. Kg2 c5 41. Bd1 c4 42. Bf3 c3 43. Ra6+ Kc5 44. Rc6+ Kb4 45. h4 c2 46. h5 Bd3 47. Bd5 Bc4 0-1

[Event "ARG-ch sf U2300 Bibl Franklin"]
[Site "San Juan"]
[Date "2016.08.14"]
[Round "3.6"]
[White "Ferrero, Agustin"]
[Black "Ortega, Agustin"]
[Result "0-1"]
[WhiteElo "1779"]
[BlackElo "1826"]
[PlyCount "62"]
[EventDate "2016.08.13"]
[EventType "swiss"]
[EventRounds "7"]
[EventCountry "ARG"]
[SourceTitle "EXT 2024"]
[Source "ChessBase"]
[SourceDate "2023.10.10"]
[SourceVersion "1"]
[SourceVersionDate "2023.10.10"]
[SourceQuality "1"]

1. c4 Nf6 2. Nf3 e6 3. Nc3 d5 4. d4 Be7 5. e3 Nbd7 6. Bd3 0-0 7. 0-0 dxc4 8. Bxc4 c5 9. Bd2 a6 10. a4 cxd4 11. Nxd4 Nb6 12. Be2 e5 13. Nf3 e4 14. Nd4 Bd6 15. a5 Nbd5 16. f3 Nxc3 17. Bxc3 Qc7 18. h3 Nh5 19. Be1 Bh2+ 20. Kh1 Ng3+ 21. Bxg3 Qxg3 22. Qe1 Qxe1 23. Raxe1 Bg3 24. Rc1 exf3 25. Bxf3 Rb8 26. Bd5 Bd7 27. Nf5 Be5 28. Ne7+ Kh8 29. Rxf7 Rxf7 30. Bxf7 Rf8 31. Bd5 Bd6 0-1

[Event "ARG-ch sf U2300 Independencia"]
[Site "San Luis"]
[Date "2016.07.09"]
[Round "4.6"]
[White "Ferrero, Agustin"]
[Black "Bulgarini Torre, Marco"]
[Result "0-1"]
[WhiteElo "1757"]
[BlackElo "1939"]
[PlyCount "96"]
[EventDate "2016.07.08"]
[EventType "swiss"]
[EventRounds "7"]
[EventCountry "ARG"]
[SourceTitle "EXT 2024"]
[Source "ChessBase"]
[SourceDate "2023.10.10"]
[SourceVersion "1"]
[SourceVersionDate "2023.10.10"]
[SourceQuality "1"]

1. Nf3 d5 2. d4 Nf6 3. Bf4 e6 4. e3 c5 5. c3 Nc6 6. Be2 Bd6 7. Bxd6 Qxd6 8. 0-0 0-0 9. Nbd2 Bd7 10. Qb3 c4 11. Qc2 b5 12. e4 dxe4 13. Nxe4 Nxe4 14. Qxe4 f5 15. Qe3 Ne7 16. Ne5 Nd5 17. Qg3 Rac8 18. f4 Be8 19. a4 a6 20. axb5 Bxb5 21. Rf3 Nb6 22. Qh4 Qd8 23. Qh3 Rc7 24. Rg3 Qf6 25. Bh5 Nd5 26. Rf1 Ba4 27. Bg6 h6 28. Bh5 Be8 29. Bxe8 Rxe8 30. Rg6 Qf8 31. Qxh6 Nf6 32. Rf3 Qe7 33. Rh3 Kf8 34. Qh8+ Ng8 35. Rh7 Rb8 36. Rgxg7 Qxg7 37. Rxg7 Rxg7 38. Qh5 Rxb2 39. Ng6+ Ke8 40. Ne5+ Ke7 41. g3 Nf6 42. Qf3 Rb1+ 43. Kg2 Rb2+ 44. Kh1 Rh7 45. h4 Ne4 46. Nxc4 Rf2 47. Qe3 Rg7 48. Nd2 Rxd2 0-1

[Event "ARG-ch sf U2300 Independencia"]
[Site "San Luis"]
[Date "2016.07.09"]
[Round "5.6"]
[White "Ruiz Peyre, Nicolas"]
[Black "Ferrero, Agustin"]
[Result "1-0"]
[WhiteElo "1956"]
[BlackElo "1757"]
[PlyCount "103"]
[EventDate "2016.07.08"]
[EventType "swiss"]
[EventRounds "7"]
[EventCountry "ARG"]
[SourceTitle "EXT 2024"]
[Source "ChessBase"]
[SourceDate "2023.10.10"]
[SourceVersion "1"]
[SourceVersionDate "2023.10.10"]
[SourceQuality "1"]

1. e4 c5 2. Nf3 g6 3. d4 cxd4 4. Nxd4 Bg7 5. Nc3 Nc6 6. Be3 Nf6 7. Qd2 0-0 8. f3 d6 9. g4 a5 10. h4 a4 11. h5 a3 12. hxg6 fxg6 13. Bc4+ Kh8 14. Nd5 Ng8 15. Nxc6 bxc6 16. Nf4 Qe8 17. e5 Ba6 18. Bxa6 Rxa6 19. Qd3 axb2 20. Rb1 Rxf4 21. Bxf4 Rxa2 22. Kf2 Qf7 23. Qe4 dxe5 24. Bxe5 Nf6 25. Qf4 Qd5 26. Kg2 Kg8 27. Rxb2 Rxb2 28. Bxb2 Qc5 29. Qd2 Nd5 30. Bxg7 Kxg7 31. Qh6+ Kf6 32. Qf8+ Kg5 33. Qh6+ Kf6 34. Qh4+ Ke6 35. Re1+ Kd7 36. Qf2 Nf4+ 37. Kg3 Qxf2+ 38. Kxf2 Kd6 39. Rh1 h5 40. Kg3 e5 41. Rd1+ Kc5 42. gxh5 gxh5 43. Kh4 Kc4 44. Kg5 Kc3 45. Re1 Kxc2 46. Rxe5 Nd3 47. f4 h4 48. Re3 Nxf4 49. Kxf4 c5 50. Ke4 c4 51. Kd4 Kd2 52. Rh3 1-0

[Event "ARG-ch sf U2300 Independencia"]
[Site "San Luis"]
[Date "2016.07.08"]
[Round "2.12"]
[White "Ferrero, Agustin"]
[Black "Romero, Sergio"]
[Result "1-0"]
[WhiteElo "1757"]
[BlackElo "1721"]
[PlyCount "57"]
[EventDate "2016.07.08"]
[EventType "swiss"]
[EventRounds "7"]
[EventCountry "ARG"]
[SourceTitle "EXT 2024"]
[Source "ChessBase"]
[SourceDate "2023.10.10"]
[SourceVersion "1"]
[SourceVersionDate "2023.10.10"]
[SourceQuality "1"]

1. c4 e6 2. Nf3 Nf6 3. d4 Bb4+ 4. Bd2 Qe7 5. Qc2 d5 6. Nc3 0-0 7. e3 Bxc3 8. bxc3 b6 9. cxd5 exd5 10. Bd3 Ba6 11. Bxa6 Nxa6 12. Qa4 Nb8 13. c4 dxc4 14. Qxc4 Rc8 15. 0-0 Nbd7 16. Rfc1 Qe4 17. Rc2 h6 18. Rac1 Ne8 19. Qb5 Ndf6 20. Bb4 Rd8 21. Ne5 c5 22. Bc3 cxd4 23. Bxd4 Nd6 24. Qc6 Rac8 25. Qxe4 Nfxe4 26. Nc6 Rd7 27. f3 Ng5 28. Be5 Ra8 29. Rd2 1-0